Crónica de un testigo. Melilla 1909 (Record no. 93525)

MARC details
000 -LEADER
campo de control de longitud fija 00541nam a2200157 i 4500
001 - NÚMERO DE CONTROL
campo de control 93525
003 - IDENTIFICADOR DE NÚMERO DE CONTROL
campo de control ES-MaACL
005 - FECHA Y HORA DE LA ÚLTIMA TRANSACCIÓN
campo de control 20230906181242.0
007 - CAMPO FIJO DE DESCRIPCIÓN FÍSICA--INFORMACIÓN GENERAL
campo de control de longitud fija t|
008 - DATOS DE LONGITUD FIJA--INFORMACIÓN GENERAL
campo de control de longitud fija 050413s1911 sp ||||1| spa d
100 1# - ENTRADA PRINCIPAL--NOMBRE DE PERSONA
Nombre de persona López Alarcón, Enrique.
9 (RLIN) 73383
245 10 - MENCIÓN DEL TÍTULO
Título Crónica de un testigo. Melilla 1909
Resto del título : Diario de la guerra escrito durante las operaciones militares en el Rif /
Mención de responsabilidad, etc. por Enrique López Alarcón.
260 ## - PUBLICACIÓN, DISTRIBUCIÓN, ETC.
Lugar de publicación, distribución, etc. Madrid :
Nombre del editor, distribuidor, etc. [s.n., s.a.] (
Fabricante Hijos de R. Alvarez,
Fecha de fabricación/manufactura 1911)
300 ## - DESCRIPCIÓN FÍSICA
Extensión 416 p. ;
Dimensiones 18 cm.
852 ## - LOCALIZACIÓN
Ubicación ES-MaACL
Número de control de estantería F-1661
Holdings
Estatus retirado Estado de pérdida Estado de daño No para préstamo Biblioteca de origen Biblioteca actual Ubicación en estantería Fecha de adquisición Fuente de adquisición Total de préstamos Signatura topográfica completa Código de barras Visto por última vez Precio de reemplazo Tipo de ítem Koha
        Biblioteca del Ateneo de Madrid Biblioteca del Ateneo de Madrid Depósito 2 17/01/2008     F-1661 1097667 23/02/2023 23/02/2023 Libro impreso